Parallel and large-scale computers: performance, architecture, applications. Vol. II. : 10th IMACS world congress on systems simulation and scientific computation : Konf. IMACS transaction on scientific computation, Montreal, Canada, 8.- 13. Aug. 1982 /

Guardado en:
Detalles Bibliográficos
Otros Autores: Ruschitzka, M. and o (Compilador)
Formato: Libro
Lenguaje:inglés
Publicado: Amsterdam : North-Holland, 1983
Etiquetas: Agregar Etiqueta
Sin Etiquetas, Sea el primero en etiquetar este registro!

MARC

LEADER 00000nam a22000003a 4500
001 stu96
005 20150617225621.8
008 910319s1983----ne------------------eng-d
020 |a 0-444-86608-6 
040 |a STU  |b slo 
041 0 |a eng 
044 |a ne 
080 |a 681.3 
100 1 |a Ruschitzka, M. and o  |4 com 
245 1 |a Parallel and large-scale computers: performance, architecture, applications. Vol. II. :  |b 10th IMACS world congress on systems simulation and scientific computation : Konf. IMACS transaction on scientific computation, Montreal, Canada, 8.- 13. Aug. 1982 /  |c Edit. Ruschitzka,M. and o 
260 |a Amsterdam :  |b North-Holland,  |c 1983 
300 |a 329 s 
996 |b I4479  |c I*4479  |l II680  |s A  |a 24  |w stu96_0001